| 000 | 00402cam a22001211 4500 | ||
|---|---|---|---|
| 082 |
_a335.009273 _bKIN |
||
| 100 | 1 |
_aKing, Charles Cooper. _949330 |
|
| 245 | 0 | 0 |
_aGeorge Washington, _cby Lieut.-Colonel Cooper King, F.G.S. |
| 260 |
_aLondon, _bChapman and Hall, ld., _c1894. |
||
| 300 |
_aviii, 283 p. _b2 fold. maps (incl. front.) _c21 cm. |
||
| 526 |
_a0 _b0 _c0 _d335_009273000000000_KIN |
||
| 942 |
_2ddc _cBK |
||
| 999 |
_c552109 _d552109 |
||